|
|
|
|
| LEADER |
00000nam a2200000Ii 4500 |
| 001 |
DIGEPUJ0163 |
| 003 |
NyNyDIG |
| 006 |
m o d |
| 007 |
cr ||||||||||| |
| 008 |
211012s2017 ck a ob 000 0 spa d |
| 035 |
|
|
|a (OCoLC)1282640093
|
| 040 |
|
|
|a DGITA
|b eng
|e rda
|e pn
|c DGITA
|
| 020 |
|
|
|z 9789587810684
|
| 041 |
1 |
|
|a spa
|h eng
|
| 043 |
|
|
|a u-at---
|
| 050 |
1 |
4 |
|a HN850.Z9 ebook
|
| 082 |
0 |
4 |
|a 307.140994
|
| 100 |
1 |
|
|a Gibson-Graham, J. K.,
|e author.
|
| 240 |
1 |
0 |
|a Take back the economy.
|l Spanish
|s (Flórez Flórez and Sánchez Amézquita)
|
| 245 |
1 |
0 |
|a Retomemos la economía :
|b una guía ética para transformar nuestras comunidades /
|c J. K. Gibson-Graham, Jenny Cameron y Stephen Healy ; traducción, María Juliana Flórez Flórez, William Enrique Sánchez Amézquita.
|
| 250 |
|
|
|a Primera edición.
|
| 264 |
|
1 |
|a Bogotá D.C. :
|b Editorial Pontificia Universidad Javeriana,
|c [2017]
|
| 300 |
|
|
|a 1 online resource :
|b illustrations.
|
| 336 |
|
|
|a text
|b txt
|2 rdacontent
|
| 337 |
|
|
|a computer
|b c
|2 rdamedia
|
| 338 |
|
|
|a online resource
|b cr
|2 rdacarrier
|
| 347 |
|
|
|a text file
|2 rdaft
|
| 347 |
|
|
|b EPUB
|
| 504 |
|
|
|a Includes bibliographical references.
|
| 588 |
0 |
|
|a Online resource; title from ePub title page (Digitalia, viewed October 12, 2021)
|
| 650 |
|
0 |
|a Community development
|z Australia.
|
| 650 |
|
0 |
|a Community development
|x Moral and ethical aspects.
|
| 655 |
|
0 |
|a Electronic books.
|
| 700 |
1 |
|
|a Cameron, Jenny,
|d 1961-
|e author.
|
| 700 |
1 |
|
|a Healy, Stephen,
|e author.
|
| 700 |
1 |
|
|a Flórez Flórez, María Juliana,
|e translator.
|
| 700 |
1 |
|
|a Sánchez Amézquita, William Enrique,
|e translator.
|
| 700 |
1 |
|
|i Translation of:
|a Gibson-Graham, J. K.
|t Take back the economy: an ethical guide for transforming our communities.
|
| 791 |
2 |
|
|a Digitalia (Firm),
|e distributor.
|
| 793 |
0 |
|
|g Digitalia eBook Collection:
|a Pontificia Universidad Javeriana
|
| 776 |
0 |
8 |
|i Print version:
|a Gibson-Graham, J. K.
|s Take back the economy. Spanish (Flórez Flórez and Sánchez Amézquita).
|t Retomemos la economía.
|b Primera edición.
|d Bogotá D.C. : Editorial Pontificia Universidad Javeriana, [2017]
|z 9789587810684
|
| 856 |
4 |
0 |
|3 Digitalia Hispánica
|u https://www.digitaliapublishing.com/a/56163/
|
| 910 |
|
|
|a Premium collection: 2021
|